Rapport sur l'homophobie 2005 /

Saved in:
Bibliografiske detaljer
Institution som forfatter: SOS homophobie
Format: Serial
Sprog:engelsk
Udgivet: Paris KTM éditions 2005
Serier:Rapport sur l'homophobie
Online adgang:Télécharger le Rapport sur l'homophobie 2005
Tags: Tilføj Tag
Ingen Tags, Vær først til at tagge denne postø!

MARC

LEADER 00000nas a2200000 4500
001 CDOM0000000616
003 mi
005 20250821115008.0
008 250821b |||||||| |||| 00| 0 eng d
022 |a 1282-1713 
040 |c mi 
110 |a SOS homophobie 
245 1 |a Rapport sur l'homophobie 2005 /  |c SOS homophobie 
260 |a Paris  |b KTM éditions  |c 2005 
300 |a 188 p.  |c ill.  |c 21 cm. 
490 |a Rapport sur l'homophobie 
500 |a ISSN: 1282-1713 = Rapport sur l'homophobie 
856 |u https://www.sos-homophobie.org/informer/rapport-annuel-lgbtiphobies/ra-2005  |y Télécharger le Rapport sur l'homophobie 2005 
942 |2 ddc  |c CR 
952 |0 0  |1 0  |2 ddc  |4 0  |6 B_SSR04SOSHORAP11  |7 0  |9 4909  |a MI  |b MI  |d 2005-05-29  |i 4894  |l 0  |o B-SSR04-SOSHO-RAP11  |p CDOM4894  |r 2025-07-07 11:14:36  |w 2025-07-07  |x ACQUISTO  |y CR 
999 |c 3863  |d 3863